000
00287nam a22001337a 4500
008
181011b xxu||||| |||| 00| 0 eng d
020
_a
9780071755498
041
_a
eng
080
_2
4th
_a
311
100
_a
55
101
_a
STA
245
_a
Statistics
_c
Spiegel,M.R
942
_2
udc
_c
BK
999
_c
49324
_d
49324